000 00699nam a2200181Ia 4500
008 151202s9999||||xx |||||||||||||| ||und||
082 _bPNVM-29639
100 _aठाकरे केशव सीताराम प्रबोधनकार.
245 _aऊठ मर्‍हाठ्या ऊठ.
260 _b---
260 _c0
300 _a0
600 _aठाकरे केशव सीताराम प्रबोधनकार.
630 _aऊठ मर्‍हाठ्या ऊठ.
700 _aठाकरे केशव सीताराम प्रबोधनकार.
730 _aऊठ मर्‍हाठ्या ऊठ.
942 _cBOOK
999 _c1295603
_d1295600